Most Common Last Names (50) - Statistics

General Stats
  • This quiz has been taken 246 times
  • The average score is 17 of 50
Answer Stats
Approximate # Last Name % Correct
2,501,922 Smith
95%
2,014,470 Johnson
82%
1,544,427 Jones
79%
1,544,427 Brown
71%
1,738,413 Williams
66%
693,879 White
65%
770,970 Jackson
57%
1,193,760 Davis
48%
455,121 Green
48%
773,457 Anderson
47%
773,457 Taylor
44%
547,140 Lee
43%
678,951 Martin
42%
773,457 Thomas
41%
432,738 Adams
40%
683,925 Harris
40%
1,054,488 Miller
39%
843,093 Wilson
39%
465,069 Lopez
36%
380,511 Roberts
36%
631,698 Garcia
34%
669,003 Thompson
32%
581,958 Martinez
31%
569,523 Rodriguez
31%
562,062 Lewis
30%
477,504 Hernandez
27%
402,894 Carter
26%
574,497 Clark
26%
340,719 Edwards
24%
412,842 Gonzalez
24%
472,530 King
24%
775,944 Moore
24%
425,277 Baker
21%
350,667 Evans
20%
465,069 Hill
20%
363,102 Parker
20%
579,471 Robinson
20%
479,991 Young
20%
494,913 Allen
19%
497,400 Hall
18%
544,653 Walker
18%
333,258 Collins
15%
470,043 Wright
15%
402,894 Nelson
14%
385,485 Perez
14%
370,563 Phillips
12%
460,095 Scott
11%
378,024 Turner
11%
397,920 Mitchell
10%
370,563 Campbell
7%
No matching quizzes found
Score Distribution
Percent of People with Each Score
Percentile by Number Answered
Your Score History
You have not taken this quiz